书目信息 |
| 题名: |
金属断裂研究文集
|
|
| 作者: | 陈篪 著 | |
| 分册: | ||
| 出版信息: | 北京 冶金工业出版社 1978 |
|
| 页数: | 219页 | |
| 开本: | 20cm | |
| 丛书名: | ||
| 单 册: | ||
| 中图分类: | O346.1 | |
| 科图分类: | ||
| 主题词: | 金属-断裂--文集 , 断裂-金属--文集 , 固体力学 | |
| 电子资源: | ||
| ISBN: | ||
| 000 | 00651nam0 2200253 45 | |
| 001 | 0178000372 | |
| 005 | 20040518103831.0 | |
| 010 | @dCNY0.88 | |
| 091 | @a15062.3382 | |
| 100 | @a19950731d1978 emky0chiy0121 ea | |
| 101 | 0 | @achi |
| 102 | @aCN@b110000 | |
| 105 | @ay z 000yy | |
| 106 | @ar | |
| 200 | 10 | @a金属断裂研究文集@Ajin shu duan lie yan jiu wen ji@f陈篪等著 |
| 210 | @a北京@c冶金工业出版社@d1978 | |
| 215 | @a219页@d20cm | |
| 606 | @a金属-断裂@x文集 | |
| 606 | @a断裂-金属@x文集 | |
| 606 | 0 | @a固体力学 |
| 690 | @aO346.1 | |
| 701 | 0 | @a陈篪@Achen chi@4著 |
| 801 | 0 | @aCN@bNLC@c20040518 |
| 905 | @f1@b16972@dO346.1@e1@b16974@f1 | |
| 金属断裂研究文集/陈篪等著.-北京:冶金工业出版社,1978 |
| 219页;20cm |
| ISBN :CNY0.88 |
| ● |
| 相关链接 |
|
|
|
|
正题名:金属断裂研究文集
索取号:O346.1/1
 
预约/预借
| 序号 | 登录号 | 条形码 | 馆藏地/架位号 | 状态 | 备注 |
| 1 | 0003156 | 000385602 | 第二样本阅览室/ [索取号:O346.1/1] | 在馆 | |
| 2 | 0016972 | 000385586 | 第三借阅区/ [索取号:O346.1/1] | 在馆 | |
| 3 | 0016974 | 000385577 | 第三借阅区/ [索取号:O346.1/1] | 在馆 |